| 000 | 01168nam0a2200301 4500 | ||
|---|---|---|---|
| 001 | RU\NLR\bibl\1460586 | ||
| 005 | 20250615234653.0 | ||
| 010 |
_a978-5-408-00044-9 _95000 |
||
| 021 |
_aRU _b2009-93535 _95921 |
||
| 035 | _a(NLR Aleph) 001452356 | ||
| 090 |
_a1531211 _c1531211 |
||
| 100 | _a20100113d2010 |||y0rusy50 ca | ||
| 101 | 0 |
_arus _aeng |
|
| 102 | _aRU | ||
| 105 | _ay ||||||||| | ||
| 200 | 1 |
_aПоурочные разработки по английскому языку _eк УМК М.З. Биболетовой и др. "Enjoy English-3" (Обнинск: Титул) _e5-6 классы _e[пособие] _fЕ.В. Дзюина |
|
| 210 |
_aМосква _cВАКО _d2010 |
||
| 215 |
_a383 с. _d20 |
||
| 225 | 1 | _aВ помощь школьному учителю | |
| 606 | 1 |
_aАнглийский язык _xУроки _xПланы _xСредняя школа _92349920 _3RU\NLR\auth\661403998 |
|
| 686 | _aЧ426.179Ан2(2)-260.21 | ||
| 700 | 1 |
_aДзюина _bЕ. В. _gЕлена Владимировна _4070 |
|
| 801 | 0 |
_aRU _bNLR _c20100113 _gRCR |
|
| 801 | 1 |
_aRU _bNLR _c20100113 |
|
| 830 | _aпо кн | ||
| 942 | _cBOOK | ||
| 980 | _aNB | ||